Chystáte sa investovať na kapitálovom trhu?

Kladné a záporné stránky investovania do cenných papierov. Stručné charakteristiky produktov kapitálového trhu. Dlhopisy. Akcie. Podielové listy. Práva majiteľa podielového listu. Praktické príklady.

Na minha lista:
Detalhes bibliográficos
Autor principal: Jánoš, Daniel
Formato: Capítulo de Livro
Idioma:eslovaco
Assuntos:
Tags: Adicionar Tag
Sem tags, seja o primeiro a adicionar uma tag!

MARC

LEADER 00000naa a2200000 4500
001 r034576
005 20230911130449.0
041 0 |a slo 
044 |a SK 
245 1 0 |a Chystáte sa investovať na kapitálovom trhu?  |c Daniel Jánoš 
520 |a Kladné a záporné stránky investovania do cenných papierov. Stručné charakteristiky produktov kapitálového trhu. Dlhopisy. Akcie. Podielové listy. Práva majiteľa podielového listu. Praktické príklady. 
610 2 0 |a listy podielové 
610 2 0 |a akcie 
610 2 0 |a dlhopisy 
610 2 0 |a obligácie 
610 2 0 |a trh kapitálový 
610 2 0 |a papiere cenné 
100 1 |a Jánoš, Daniel